| 000 | 01303cam a22003857a 4500 | ||
|---|---|---|---|
| 001 | 000085976 | ||
| 003 | CHAP | ||
| 005 | 20250523113050.0 | ||
| 008 | 001004d1996 mx ba r 00110 esp d | ||
| 010 | _a82449 | ||
| 011 | _a83421 | ||
| 020 | _a9688843482 | ||
| 035 | _a93934 | ||
| 040 | _cCHAP | ||
| 082 | 0 | 4 |
_a630.9727 _bR64 |
| 100 | 1 | 0 |
_aRodríguez Canto, Adolfo _998359 |
| 245 | 1 | 0 |
_aHistoria agrícola y agraria de la costa Oaxaqueña / _cpor Adolfo Rodríguez Canto. |
| 260 |
_aChapingo, México : _bUACH. Dirección de Centros Regionales, _c1996. |
||
| 300 |
_a327 p. : _bmapa, ilus., cuads. |
||
| 590 |
_aBATCH-UPD _b10 _c20130110 _lUCH01 _h0859 |
||
| 590 |
_aBATCH-UPD _b10 _c20130410 _lUCH01 _h0529 |
||
| 590 |
_aBATCH-UPD _b10 _c20130914 _lUCH01 _h1122 |
||
| 590 |
_aCONVERSION _b10 _c20130109 _lUCH01 _h1346 |
||
| 590 |
_aE5995AHE _b05 _c20150324 _lUCH01 _h0902 |
||
| 650 | 1 | 4 |
_aAgricultura _xHistoria _xOaxaca. _91524 |
| 650 | 1 | 4 |
_aCultivos _xRendimiento. _930318 |
| 650 | 1 | 4 |
_aOaxaca _xCondiciones rurales. _982477 |
| 650 | 1 | 4 |
_aTierras _xMéxico. _9113116 |
| 901 | _aBK | ||
| 905 | _aEdna Luz | ||
| 942 | _cLIBRO | ||
| 942 | _n0 | ||
| 949 |
_a630.9727 R64 _bBC _cLIBRO _d33724000800488 _eLIBRO _h98901 _i93934 _si |
||
| 949 |
_a630.9727 R64 _bBC _cUACH _d33724000806261 _eUACH _fc.2 _h98902 _i93934 _sb |
||
| 999 |
_c82449 _d82449 |
||